The Rubato Composer music software : component-based implementation of a functorial concept architecture /

Bibliographic Details
Main Author: Milmeister, Gérard
Corporate Author: SpringerLink (Online service)
Format: eBook
Language:English
Published: Berlin ; Heidelberg : Springer-Verlag, [2009]
Series:Computational music science.
Subjects:
Online Access:Connect to the full text of this electronic book

MARC

Tag First Indicator Second Indicator Subfields
LEADER 00000cam a2200000Ia 4500
001 in00002455893
005 20210727085801.0
006 m d
007 cr cn|||||||||
008 090622s2009 gw a s 000 0 eng d
020 |a 3642001483 
020 |a 9783642001482 
035 |a (OCoLC)405547178 
035 |a (OCoLC)ocn405547178 
035 |a 3173284 
037 |a 978-3-642-00147-5  |b Springer  |n http://www.springerlink.com 
040 |a GW5XE  |b eng  |c GW5XE  |d UtOrBLW 
049 |a TEFA 
050 1 4 |a MT56  |b .M55 2009 
082 0 4 |a 781.3  |2 22 
100 1 |a Milmeister, Gérard.  |0 http://id.loc.gov/authorities/names/no2004076081 
245 1 4 |a The Rubato Composer music software :  |b component-based implementation of a functorial concept architecture /  |c Gérard Milmeister. 
264 1 |a Berlin ;  |a Heidelberg :  |b Springer-Verlag,  |c [2009] 
264 4 |c ©2009 
336 |a text  |b txt  |2 rdacontent 
337 |a computer  |b c  |2 rdamedia 
338 |a online resource  |b cr  |2 rdacarrier 
490 1 |a Computational music science 
500 |a Electronic resource. 
504 |a Includes bibliographical references. 
533 |a Electronic reproduction.  |b New York :  |c Springer,  |d 2009.  |n Mode of access: World Wide Web.  |n System requirements: Web browser.  |n Title from title screen (viewed on June 4, 2009).  |n Access may be restricted to users at subscribing institutions. 
630 0 0 |a Rubato Composer (Computer file)  |0 http://id.loc.gov/authorities/names/n2017064911 
650 0 |a Composition (Music)  |x Computer programs. 
650 0 |a Music theory  |x Mathematics.  |0 http://id.loc.gov/authorities/subjects/sh2010102912 
655 7 |a Electronic books.  |2 local 
710 2 |a SpringerLink (Online service)  |0 http://id.loc.gov/authorities/names/no2005046756 
830 0 |a Computational music science.  |0 http://id.loc.gov/authorities/names/no2009088606 
856 4 0 |u http://proxy.library.tamu.edu/login?url=https://dx.doi.org/10.1007/978-3-642-00148-2  |z Connect to the full text of this electronic book  |t 0 
994 |a C0  |b TEF 
999 |a MARS 
999 f f |s f5200bc6-2a47-373b-925e-db900d40b62c  |i 820b3098-9491-3ba9-905a-f8eec0ca9d76  |t 0 
952 f f |a Texas A&M University  |b College Station  |c Electronic Resources  |d Available Online  |t 0  |e MT56 .M55 2009  |h Library of Congress classification 
998 f f |a MT56 .M55 2009  |t 0  |l Available Online